[Event "Baden-ch 94th"]
[Site "Forst"]
[Date "2022.09.30"]
[Round "1"]
[White "Pellicoro, Nathalie"]
[Black "Werner, Martin"]
[Result "0-1"]
[WhiteElo "1897"]
[BlackElo "2101"]
[PlyCount "62"]
[EventDate "2022.09.30"]
[EventType "swiss"]
[EventRounds "7"]
[EventCountry "GER"]
[SourceTitle "CBM 210 Extra"]
[Source "ChessBase"]
[SourceDate "2022.11.30"]
[SourceVersion "1"]
[SourceVersionDate "2022.11.30"]
[SourceQuality "1"]

1. e4 d5 2. exd5 Nf6 3. d4 Nxd5 4. c4 Nb4 5. a3 N4c6 6. Be3 e5 7. d5 Ne7 8. Nf3 Nf5 9. Bd2 e4 10. Ne5 Bd6 11. Ng4 0-0 12. Ne3 Nxe3 13. Bxe3 f5 14. Bd4 Qg5 15. h4 Qe7 16. Nc3 f4 17. Qe2 Bf5 18. 0-0-0 Nd7 19. g4 fxg3 20. fxg3 Ne5 21. Bh3 Bxh3 22. Rxh3 Qd7 23. Rhh1 Nf3 24. Be3 Rae8 25. h5 Qg4 26. Rh4 Qxg3 27. Rxe4 Ng5 28. Rg1 Nxe4 29. Rxg3 Nxg3 30. Qd3 Rxe3 31. Qd2 Rxc3+ 0-1

[Event "Antwerp World Uni op (Women)"]
[Site "Antwerp"]
[Date "2022.09.15"]
[Round "6"]
[White "Nemcova, Karin"]
[Black "Pellicoro, Nathalie"]
[Result "1/2-1/2"]
[WhiteElo "2091"]
[BlackElo "1895"]
[PlyCount "91"]
[EventDate "2022.09.12"]
[EventType "swiss"]
[EventRounds "9"]
[EventCountry "BEL"]
[SourceTitle "CBM 210 Extra"]
[Source "ChessBase"]
[SourceDate "2022.11.30"]
[SourceVersion "1"]
[SourceVersionDate "2022.11.30"]
[SourceQuality "1"]

1. d4 Nf6 2. Bf4 c5 3. d5 d6 4. Nc3 g6 5. e4 Bg7 6. Nf3 Nbd7 7. Qd2 h5 8. a4 Ng4 9. Bb5 a6 10. Bxd7+ Bxd7 11. 0-0 Qc7 12. Rfd1 f6 13. h4 0-0 14. Ra3 b5 15. axb5 axb5 16. Rxa8 Rxa8 17. Ne2 Ra2 18. c3 Kh7 19. Qc2 Qa7 20. Bc1 b4 21. Rf1 bxc3 22. Nxc3 Ra1 23. Ne1 Qa6 24. Nd3 f5 25. Nf4 Bh6 26. Qe2 Qxe2 27. Nfxe2 fxe4 28. Bxh6 Rxf1+ 29. Kxf1 Nxh6 30. Nxe4 Nf5 31. g3 Bb5 32. Ke1 Bc4 33. Nf4 Nd4 34. Kd2 Nb5 35. Ke3 Kg7 36. Nd2 Ba2 37. b3 Na3 38. Kd3 Nb1 39. Nxb1 Bxb1+ 40. Kc4 Kf6 41. b4 cxb4 42. Kxb4 Be4 43. Kb5 Kf5 44. Kc6 Ke5 45. Kd7 Kf6 46. Kd8 1/2-1/2

[Event "Antwerp World Uni blitz op (Women)"]
[Site "Antwerp"]
[Date "2022.09.14"]
[Round "8"]
[White "Kubicka, Anna"]
[Black "Pellicoro, Nathalie"]
[Result "1-0"]
[WhiteElo "2072"]
[BlackElo "1878"]
[PlyCount "135"]
[EventDate "2022.09.14"]
[EventType "swiss (blitz)"]
[EventRounds "9"]
[EventCountry "BEL"]
[SourceTitle "CBM 210 Extra"]
[Source "ChessBase"]
[SourceDate "2022.11.30"]
[SourceVersion "1"]
[SourceVersionDate "2022.11.30"]
[SourceQuality "1"]

1. e4 e5 2. Bc4 Nf6 3. d3 c6 4. Bb3 d5 5. exd5 cxd5 6. Bg5 Be7 7. Nc3 Be6 8. Nf3 Nc6 9. h3 0-0 10. 0-0 Qc7 11. Bxf6 Bxf6 12. Nxd5 Bxd5 13. Bxd5 Rad8 14. Bxc6 Qxc6 15. Qe2 Rfe8 16. Rfe1 h6 17. Rac1 e4 18. dxe4 Bxb2 19. Rb1 Bc3 20. Red1 Rxd1+ 21. Rxd1 Qxe4 22. Qxe4 Rxe4 23. Rd8+ Kh7 24. Rd7 Re2 25. Rxb7 a5 26. g4 Rxc2 27. Rc7 Rc1+ 28. Kg2 Bb2 29. Rxc1 Bxc1 30. Ne5 f6 31. Nc4 a4 32. Kf3 Kg6 33. Nb6 a3 34. Nc4 Kg5 35. Nd6 Kg6 36. h4 h5 37. Nf5 hxg4+ 38. Kxg4 Kf7 39. h5 Bb2 40. f3 Bc1 41. Nd4 Bb2 42. Ne2 Ke6 43. Ng3 Kf7 44. Kf5 Bc1 45. Ne4 Bb2 46. Nd6+ Ke7 47. Nc4 Kf7 48. Ne3 Ke7 49. Nd5+ Kf7 50. Nf4 Bc1 51. Ne2 Bb2 52. Ng3 Bc1 53. Ne4 Bb2 54. Nc5 Bc1 55. Ke4 Bb2 56. Kd5 Bc1 57. Kc4 Kg8 58. Ne6 Kf7 59. Nd4 Kg8 60. Kb3 Kh7 61. Nf5 Bb2 62. Ne7 Bc1 63. Nf5 Bb2 64. Ne7 Kh6 65. Nf5+ Kg5 66. Nd6 Bc1 67. Nf7+ Kxh5 68. Ne5 1-0

[Event "Antwerp World Uni op (Women)"]
[Site "Antwerp"]
[Date "2022.09.13"]
[Round "4"]
[White "Du Plessis, Anika"]
[Black "Pellicoro, Nathalie"]
[Result "1-0"]
[WhiteElo "1586"]
[BlackElo "1895"]
[PlyCount "57"]
[EventDate "2022.09.12"]
[EventType "swiss"]
[EventRounds "9"]
[EventCountry "BEL"]
[SourceTitle "CBM 210 Extra"]
[Source "ChessBase"]
[SourceDate "2022.11.30"]
[SourceVersion "1"]
[SourceVersionDate "2022.11.30"]
[SourceQuality "1"]

1. e4 e5 2. Nf3 Nc6 3. d4 exd4 4. Nxd4 Nf6 5. Nxc6 bxc6 6. Bd3 Bc5 7. 0-0 h6 8. e5 Nd5 9. Qg4 g5 10. a3 Bb7 11. b4 Be7 12. c4 Nb6 13. Nc3 a5 14. Rb1 axb4 15. axb4 h5 16. Qf5 c5 17. bxc5 Bxc5 18. e6 Qe7 19. exd7+ Kf8 20. Bxg5 Qd6 21. d8Q+ Rxd8 22. Bxd8 Rg8 23. Ne4 Qc6 24. Bg5 Be7 25. Bxe7+ Kxe7 26. f3 Nd7 27. Ng5 Rg7 28. Rfe1+ Kf8 29. Nh7+ 1-0

[Event "Mitropa Cup (Women)"]
[Site "Corte"]
[Date "2022.05.01"]
[Round "2.4"]
[White "Froewis, Annika"]
[Black "Pellicoro, Nathalie"]
[Result "1/2-1/2"]
[WhiteElo "2085"]
[BlackElo "1895"]
[PlyCount "106"]
[EventDate "2022.04.30"]
[EventType "team-tourn"]
[EventRounds "9"]
[EventCountry "FRA"]
[SourceTitle "CBM 208 Extra"]
[Source "ChessBase"]
[SourceDate "2022.07.31"]
[SourceVersion "1"]
[SourceVersionDate "2022.07.31"]
[SourceQuality "1"]
[WhiteTeam "Austria (W)"]
[BlackTeam "Switzerland (W)"]
[WhiteTeamCountry "AUT"]
[BlackTeamCountry "SUI"]

1. e4 e5 2. Nf3 Nc6 3. Bc4 Nf6 4. d3 Be7 5. a4 a5 6. c3 d6 7. Qb3 0-0 8. h3 Qe8 9. Na3 Nd8 10. 0-0 Ne6 11. Qc2 c6 12. Re1 Nh5 13. d4 f6 14. d5 cxd5 15. Bxd5 Kh8 16. Kh2 Nhf4 17. Bxe6 Nxe6 18. Nc4 Qc6 19. Ne3 Nf4 20. Rd1 Be6 21. c4 Rac8 22. b3 d5 23. exd5 Bxd5 24. Nxd5 Nxd5 25. Qe4 Nb4 26. Qxc6 bxc6 27. Ne1 Bc5 28. Be3 Bxe3 29. fxe3 Rfd8 30. Kg3 Kg8 31. Kf3 Kf7 32. Ke2 Ke6 33. e4 c5 34. Rxd8 Rxd8 35. Rd1 Rd4 36. Rxd4 exd4 37. Nf3 Nc2 38. g3 h5 39. Kd3 Nb4+ 40. Ke2 g5 41. Kd2 Nc6 42. Ke2 Ne5 43. Nd2 f5 44. exf5+ Kxf5 45. Kf2 g4 46. Kg2 Nd3 47. hxg4+ hxg4 48. Kf1 Ke5 49. Ke2 Nb4 50. Nb1 Na2 51. Nd2 Nb4 52. Nb1 Nc6 53. Nd2 Nb4 1/2-1/2

[Event "BL2 Sued 2122 (Women)"]
[Site "Germany"]
[Date "2022.03.20"]
[Round "5.3"]
[White "Schloffer, Jasmin Denise"]
[Black "Pellicoro, Nathalie"]
[Result "1-0"]
[WhiteElo "2121"]
[BlackElo "1883"]
[PlyCount "87"]
[EventDate "2021.11.27"]
[EventType "team-tourn"]
[EventRounds "7"]
[EventCountry "GER"]
[SourceTitle "EXT 2023"]
[Source "ChessBase"]
[SourceDate "2022.10.05"]
[SourceVersion "1"]
[SourceVersionDate "2022.10.05"]
[SourceQuality "1"]
[WhiteTeam "Bayern Muenchen (W)"]
[BlackTeam "Karlsruhe (W)"]
[WhiteTeamCountry "GER"]
[BlackTeamCountry "GER"]

1. d4 Nf6 2. c4 c5 3. d5 b5 4. Nf3 b4 5. a3 bxa3 6. Rxa3 d6 7. Nc3 Bb7 8. e4 Nbd7 9. Be2 g6 10. 0-0 Bg7 11. h3 0-0 12. Bf4 Nh5 13. Bh2 Re8 14. Qc2 Qb6 15. Ng5 Nhf6 16. f4 h6 17. Nxf7 e5 18. Rb3 Qa6 19. Nxd6 Qxd6 20. Rxb7 Qa6 21. Rb5 Rac8 22. Qd3 Qd6 23. Qg3 exf4 24. Qxf4 Qxf4 25. Rxf4 g5 26. Rf1 Nxe4 27. Nxe4 Rxe4 28. Bg4 Bd4+ 29. Kh1 Rce8 30. Be6+ Kh8 31. Bd6 Ne5 32. Bxc5 a6 33. Ra5 Bxb2 34. Rxa6 Rxc4 35. Bf8 h5 36. Ra7 Ng6 37. Bh6 Nf4 38. Bxg5 Nxe6 39. dxe6 Bd4 40. Rd7 Be5 41. e7 Kg7 42. Rd8 Rc8 43. Rxe8 Rxe8 44. Rf8 1-0

[Event "Reinstorf op"]
[Site "Reinstorf"]
[Date "2022.01.29"]
[Round "1"]
[White "Pellicoro, Nathalie"]
[Black "Koellner, Ruben Gideon"]
[Result "0-1"]
[WhiteElo "1835"]
[BlackElo "2430"]
[PlyCount "84"]
[EventDate "2022.01.29"]
[EventType "swiss"]
[EventRounds "9"]
[EventCountry "GER"]
[SourceTitle "CBM 206 Extra"]
[Source "ChessBase"]
[SourceDate "2022.03.31"]
[SourceVersion "1"]
[SourceVersionDate "2022.03.31"]
[SourceQuality "1"]

1. e4 d6 2. d4 Nf6 3. Nc3 e5 4. Nf3 Nbd7 5. Bc4 Be7 6. 0-0 c6 7. a4 Qc7 8. Re1 h6 9. Qe2 Nf8 10. d5 Ng6 11. Ra3 0-0 12. b4 Bg4 13. h3 Bd7 14. b5 c5 15. Kh2 Nh7 16. g4 Rae8 17. Nd1 Ng5 18. a5 Qc8 19. Rg1 Bf6 20. b6 a6 21. Bb3 c4 22. Bxc4 Nf4 23. Bxf4 exf4 24. Nxg5 hxg5 25. f3 g6 26. Bb3 Bd4 27. Rg2 Kg7 28. Qc4 Bc5 29. Ra2 Rh8 30. Nf2 Rh4 31. Qd3 Reh8 32. Kg1 Rxh3 33. Kf1 Bxf2 34. Kxf2 Qc5+ 35. Ke1 Rh2 36. c4 Rxg2 37. Qc3+ f6 38. Rxg2 Rh1+ 39. Ke2 Qa3 40. Kd2 Rb1 41. Bc2 Qc1+ 42. Ke2 Qf1+ 0-1

[Event "Online Olym Div2 B"]
[Site "Chess.com INT"]
[Date "2021.09.03"]
[Round "4.1"]
[White "Chua, Jia Tien"]
[Black "Pellicoro, Nathalie"]
[Result "0-1"]
[WhiteElo "1822"]
[BlackElo "1917"]
[PlyCount "154"]
[EventDate "2021.09.02"]
[EventType "team (rapid)"]
[EventRounds "9"]
[EventCountry "USA"]
[SourceTitle "CBM 204 Extra"]
[Source "ChessBase"]
[SourceDate "2021.11.30"]
[SourceVersion "1"]
[SourceVersionDate "2021.11.30"]
[SourceQuality "1"]
[WhiteTeam "Malaysia"]
[BlackTeam "Switzerland"]
[WhiteTeamCountry "MAS"]
[BlackTeamCountry "SUI"]

1. e4 e5 2. Nf3 Nc6 3. Bc4 Nf6 4. d3 Bc5 5. c3 a6 6. Bb3 Ba7 7. Nbd2 d6 8. Nf1 0-0 9. Ng3 d5 10. Qe2 Re8 11. 0-0 Be6 12. Bg5 d4 13. h3 h6 14. Bd2 Bxb3 15. axb3 Qd6 16. Nf5 Qd7 17. c4 Bc5 18. Qe1 Bf8 19. b4 Nh5 20. c5 Nf4 21. Bxf4 exf4 22. Qd2 g5 23. Rac1 Rad8 24. Rc4 Bg7 25. h4 Ne5 26. Nxe5 Rxe5 27. Rxd4 Qe8 28. Rxd8 Qxd8 29. hxg5 hxg5 30. f3 Rxf5 31. exf5 Bd4+ 32. Kh1 Qf6 33. g4 fxg3 34. Kg2 Bxb2 35. Qe2 Be5 36. Rh1 Qxf5 37. Re1 Bg7 38. Kxg3 Qf4+ 39. Kg2 Qxb4 40. Qe8+ Bf8 41. Qe4 Qxc5 42. Re2 b5 43. d4 Qd6 44. Re1 Qg6 45. Qe5 Bd6 46. Qe8+ Kg7 47. Rh1 Qc2+ 48. Kf1 Qd3+ 49. Kg2 Qd2+ 50. Kf1 Qd3+ 51. Kg2 Bf8 52. Qe5+ Kg6 53. Re1 Bd6 54. Qe8 Qxd4 55. Qg8+ Qg7 56. Qa8 Qb2+ 57. Kf1 Qh2 58. Qe4+ Kh6 59. Qf5 Qh1+ 60. Ke2 Qh2+ 61. Kd3 Qf4 62. Rh1+ Kg7 63. Rh7+ Kg8 64. Rxf7 Qc4+ 65. Ke3 Qxf7 66. Qxf7+ Kxf7 67. Ke4 Ke6 68. Ke3 Bf4+ 69. Kf2 c5 70. Kg2 c4 71. Kh3 b4 72. Kg4 c3 73. Kh5 c2 74. Kg4 c1Q 75. Kh5 Qh1+ 76. Kg6 g4 77. fxg4 Qh6# 0-1

[Event "Bad Ragaz Swiss YM"]
[Site "Bad Ragaz"]
[Date "2021.03.08"]
[Round "3"]
[White "Pellicoro, Nathalie"]
[Black "Fecker, Noah"]
[Result "0-1"]
[WhiteElo "1886"]
[BlackElo "2308"]
[PlyCount "54"]
[EventDate "2021.03.06"]
[EventType "tourn"]
[EventRounds "9"]
[EventCountry "SUI"]
[SourceTitle "CBM 201 Extra"]
[Source "ChessBase"]
[SourceDate "2021.05.31"]
[SourceVersion "1"]
[SourceVersionDate "2021.05.31"]
[SourceQuality "1"]

1. e4 c6 2. Nc3 d5 3. Nf3 dxe4 4. Nxe4 Nf6 5. Qe2 Bg4 6. h3 Bh5 7. Nxf6+ gxf6 8. d3 e6 9. Bd2 Na6 10. g4 Bg6 11. Nh4 Nb4 12. Bxb4 Bxb4+ 13. c3 Bd6 14. Qf3 Qa5 15. Nxg6 hxg6 16. d4 Qg5 17. Bg2 0-0-0 18. Rd1 Kb8 19. 0-0 f5 20. Rfe1 Rh4 21. gxf5 gxf5 22. b4 Rg8 23. Rd3 Rf4 24. Qg3 Qd8 25. Qe3 Re4 26. Qc1 Qg5 27. Rg3 Bxg3 0-1

[Event "London Classic op 11th"]
[Site "London"]
[Date "2019.11.30"]
[Round "2"]
[White "Pellicoro, Nathalie"]
[Black "Lee, Qing Aun"]
[Result "0-1"]
[WhiteElo "1967"]
[BlackElo "2228"]
[PlyCount "80"]
[EventDate "2019.11.29"]
[EventType "swiss"]
[EventRounds "9"]
[EventCountry "ENG"]
[SourceTitle "CBM 193 Extra"]
[Source "ChessBase"]
[SourceDate "2020.01.31"]
[SourceVersion "1"]
[SourceVersionDate "2020.01.31"]
[SourceQuality "1"]

1. e4 c5 2. Nc3 e6 3. d3 d5 4. g3 Nc6 5. exd5 exd5 6. Bg2 Be6 7. Nge2 Nf6 8. 0-0 d4 9. Ne4 Nxe4 10. dxe4 Qd7 11. Nf4 0-0-0 12. Nxe6 Qxe6 13. f4 c4 14. e5 f5 15. exf6 gxf6 16. Qh5 Kb8 17. f5 Qd7 18. Bf4+ Bd6 19. Bxd6+ Qxd6 20. Qf7 h5 21. Qxc4 Ne5 22. Qb3 Qc7 23. Rf4 Rd6 24. Rd1 Rhd8 25. Qa4 d3 26. c3 Qb6+ 27. Kh1 Ng4 28. Rd2 R6d7 29. Qb3 Qe3 30. Qd1 Re8 31. Rf3 Qc5 32. h3 Rde7 33. Qg1 Qc7 34. Rfxd3 Ne3 35. Qf2 h4 36. g4 Nc4 37. Rd1 a6 38. Bf3 Nxb2 39. Qxb2 Re1+ 40. Rxe1 Rxe1+ 0-1